000 00327nam a22001337a 4500
008 170622b xxu||||| |||| 00| 0 eng d
020 _a9780833032607
041 _aeng
080 _a32
100 _a21
101 _aSHP
245 _aFULTLINES OF CONFLICT IN CENTRAL ASIA AND THE SOUTH CAUCASUS
_cOLIKER,O
942 _2udc
_cBK
999 _c18809
_d18809